Csanádi utcai iskola
Elmentve itt :
| Dokumentumtípus: | Cikk |
|---|---|
| Megjelent: |
1969-07-01
|
| Sorozat: | Délmagyarország
59 No. 149 |
| Kulcsszavak: | Építkezés Szeged 1969, általános iskola |
| Online Access: | http://dmarchiv.bibl.u-szeged.hu/73536 |
| LEADER | 00421nab a2200145 i 4500 | ||
|---|---|---|---|
| 001 | delm73536 | ||
| 005 | 20180928082603.0 | ||
| 008 | 180928s1969 hu o 0|| hun d | ||
| 040 | |a SZTE Délmagyarország Archívum |b hun | ||
| 041 | |a hun | ||
| 245 | 0 | 0 | |a Csanádi utcai iskola |h [elektronikus dokumentum] |
| 260 | |c 1969-07-01 | ||
| 300 | |a 5 | ||
| 490 | 0 | |a Délmagyarország |v 59 No. 149 | |
| 695 | |a Építkezés Szeged 1969, általános iskola | ||